Saddle up /

Bibliographic Details
Main Author: Randall, George Archibald, 1887-
Format: Book
Language:English
Published: New York : E. P. Dutton & company, inc., 1941.

MARC

Tag First Indicator Second Indicator Subfields
LEADER 00000cam a2200000 4500
001 in00000686521
005 20151015172017.0
008 770727s1941 nyua j 00011 eng
010 |a  41011238  
035 |a (OCoLC)03142133 
035 |9 ADA1423AM 
040 |a DLC  |c SCL  |d TXA  |d UtOrBLW 
049 |a TXAS  |c [1090345] 
050 0 0 |a PZ7.R157  |b Sad 
100 1 |a Randall, George Archibald,  |d 1887- 
245 1 0 |a Saddle up /  |c written and illustrated by G. A. Randall. 
264 1 |a New York :  |b E. P. Dutton & company, inc.,  |c 1941. 
300 |a 3 pages ., 9-223 pages, 1 unnumbered page :  |b illustrations ;  |c 21 cm. 
336 |a text  |b txt  |2 rdacontent 
337 |a unmediated  |b n  |2 rdamedia 
338 |a volume  |b nc  |2 rdacarrier 
500 |a Illustrated lining papers. 
500 |a "First edition." 
999 |a MARS 
999 f f |s 41850009-b5fe-3c0a-b41f-c340f8ccfaf7  |i 5755d16a-a7fc-3276-a56d-64a37fd1ec68  |t 0 
952 f f |p noncirc  |a Texas A&M University  |b College Station  |c Cushing Memorial Library & Archives  |d Cushing: Dykes (Does not check out)  |t 0  |e PZ7.R157 Sad  |h Library of Congress classification  |i unmediated -- volume  |m A14851911447 
998 f f |a PZ7.R157 Sad  |t 0  |l Cushing: Dykes (Does not check out)